00484nam a2200145Ia 4500008004100000041000800041082001200049100001900061245004500080260002900125300003400154365001100188999001700199952012200216240624s9999 xx 000 0 und d aeng a823 FER aFERGUSON NIALL aEMPIRE HOW BRITAIN MADE THE MODERN WORLD c2004aNew DelhibPenguin axxviii, : 422 : p. : cm. ; 19 cRSb30 c26822d26822 00104070aIMTNbIMTNcRack 40-Bd2016-03-01eVBCg599.00l0o823 FERp26822r2024-06-24 00:00:00t1w2024-06-24yBK